Communications law and policy : cases and materials / (Record no. 9326)

MARC details
000 -LEADER
fixed length control field 00653nac a22001931u 4500
010 ## - LIBRARY OF CONGRESS CONTROL NUMBER
LC control number 00069978
020 ## - INTERNATIONAL STANDARD BOOK NUMBER
International Standard Book Number 0735519927 :
082 00 - DEWEY DECIMAL CLASSIFICATION NUMBER
Classification number 343.73099
Item number KAN
090 ## - LOCALLY ASSIGNED LC-TYPE CALL NUMBER (OCLC); LOCAL CALL NUMBER (OCLC)
-- 9326
-- 9326
100 ## - MAIN ENTRY--PERSONAL NAME
Personal name Kang, Jerry,
245 10 - TITLE STATEMENT
Title Communications law and policy : cases and materials /
Statement of responsibility, etc Jerry Kang.
260 ## - PUBLICATION, DISTRIBUTION, ETC. (IMPRINT)
Place of publication, distribution, etc Gaithersburg, MD :
Name of publisher, distributor, etc Aspen Law & Business,2001.
Date of publication, distribution, etc c2001.
300 ## - PHYSICAL DESCRIPTION
Extent xx, 665 p. :
Other physical details ill. ;
Dimensions 25 cm.
500 ## - GENERAL NOTE
General note Includes index.
500 ## - GENERAL NOTE
General note Distributer: Al-Ahram
511 ## - PARTICIPANT OR PERFORMER NOTE
Participant or performer note Catalogued by: Sara
650 #0 - SUBJECT ADDED ENTRY--TOPICAL TERM
Topical term or geographic name as entry element Mass media
General subdivision Law and legislation
Geographic subdivision United States
Form subdivision Cases.
942 ## - ADDED ENTRY ELEMENTS (KOHA)
Item type Book - Borrowing
Call number prefix 343.73099KAN
Holdings
Withdrawn status Item status Damaged status Not for loan Home library Current library Shelving location Date acquired Source of acquisition Total Checkouts Full call number Barcode Date last seen Koha item type
        Central Library Central Library First floor 04/05/2008 Purchase   343.73099KAN 000011105 15/07/2025 Book - Borrowing